Mistrzowie krajów w piłce nożnej #1 - Statystyki

Ogólne statystyki
  • Ten quiz został rozwiązany 278 razy
  • Średni wynik to 10 z 30
Statystyki odpowiedzi
Mistrzowie Trumfator Klub % Poprawnych
Mistrzowie Anglii 20 Manchester United
95%
Mistrzowie Anglii 18 Liverpool
93%
Mistrzowie Niemiec 29 Bayern Monachium
90%
Mistrzowie Anglii 13 Arsenal
88%
Mistrzowie Niemiec 8 Borussia Dortmund
83%
Mistrzowie Szkocji 50 Celtic Glasgow
75%
Mistrzowie Holandii 34 Ajax Amsterdam
60%
Mistrzowie Szkocji 54 Glasgow Rangers
52%
Mistrzowie Francji 8 Paris Saint-Germain
52%
Mistrzowie Holandii 24 PSV Eindhoven
39%
Mistrzowie Belgii 34 Anderlecht Bruksela
38%
Mistrzowie Belgii 15 Club Brugge
38%
Mistrzowie Anglii 7 Aston Villa
33%
Mistrzowie Anglii 9 Everton
30%
Mistrzowie Niemiec 7 Schalke 04
30%
Mistrzowie Francji 8 AS Monaco
25%
Mistrzowie Szkocji 4 Aberdeen
24%
Mistrzowie Niemiec 6 Hamburger SV
18%
Mistrzowie Francji 10 Olimpique Marsylia
16%
Mistrzowie Belgii 10 Standard Liège
15%
Mistrzowie Holandii 15 Feyenord Rotterdam
12%
Mistrzowie Szkocji 4 Hibernian
11%
Mistrzowie Francji 10 AS Saint-Etienne
6%
Mistrzowie Niemiec 9 FC Nürnberg
5%
Mistrzowie Holandii 6 Sparta Rotterdam
5%
Mistrzowie Szkocji 4 Heart of Midlothian
2%
Mistrzowie Francji 8 FC Nantes
1%
Mistrzowie Belgii 7 Beerschot
0%
Mistrzowie Holandii 10 HVV Den Haag
0%
Mistrzowie Belgii 11 Union Saint-Gilloise
0%
Nie znaleziono quizów pasujących do podanych kryteriów
Rozkład punktacji
Procent ludzi z każdym wynikiem
Percentyl według liczby udzielonych odpowiedzi
Twoja historia wyników
Nie rozwiązałeś tego quizu